000 00211nam a2200085Ia 4500
008 170617s9999 xx 000 0 und d
100 _aMAGAZINE- RAJAN
245 0 _aDRUG 7AND COSMETICS FORMULATIONS
260 _bN. DELHI- CBS
260 _c2011
999 _c15907
_d15907